| 000 | 00792nam a2200265Ia 4500 | ||
|---|---|---|---|
| 003 | GCL | ||
| 008 | 140319s9999 xx 000 0 ara d | ||
| 040 |
_aGCL / _cGCL |
||
| 082 | 0 | 4 |
_a370.7122 _bم ا |
| 100 | 1 | _aمحمود عبدالرازق شفشق | |
| 245 | 1 | 0 |
_aادارة الصف المدرسى / _cمحمود عبدالرازق شفشق |
| 700 | 1 | _aهدى محمود الناشف | |
| 260 |
_a[S.N] : _bدار الفكر العربى |
||
| 300 | _a258 ص | ||
| 490 | _a | ||
| 650 | 0 | 4 | _aالاجتماع التربوى - علم |
| 650 | 0 | 4 | _aالادارة |
| 650 | 0 | 4 | _aالتعلم |
| 650 | 0 | 4 | _aالتنظيم |
| 650 | 0 | 4 | _aالاجتماع |
| 650 | 0 | 4 | _aالمدارس |
| 650 | 0 | 4 | _aالبنية المدرسية |
| 650 | 0 | 4 | _aالمدرسون |
| 942 |
_2ddc _cBK |
||
| 999 |
_c55802 _d55802 |
||